Cycling: The Teams of Mark Cavendish - Statistics

General Stats
  • This quiz has been taken 11 times
  • The average score is 12 of 20
Answer Stats
Year Team Country Answer % Correct
2023 Kazakhstan Astana Qazaqstan Team
100%
2024 Kazakhstan Astana Qazaqstan Team
100%
2020 Bahrain Bahrain - McLaren
91%
2022 Belgium Quick-Step Alpha Vinyl Team
91%
2012 Great-Britain Sky Procycling
82%
2021 Belgium Deceuninck - Quick Step
73%
2013 Belgium Omega Pharma - Quick-Step
73%
2014 Belgium Omega Pharma - Quick-Step
73%
2015 Belgium Etixx - Quick Step
64%
2011 USA HTC - High Road
64%
2010 USA Team HTC - Columbia
64%
2016 South Africa Team Dimension Data
55%
2017 South Africa Team Dimension Data
55%
2018 South Africa Team Dimension Data
55%
2019 South Africa Team Dimension Data
55%
2008 USA Team Columbia
45%
2009 USA Team Columbia - HTC
45%
2007 Germany T-Mobile Team
27%
2005 Germany Team Sparkasse
9%
2006 Germany Team Sparkasse
9%
No matching quizzes found
Score Distribution
Percent of People with Each Score
Percentile by Number Answered
Your Score History
You have not taken this quiz